La batalla de Madrid / (Record no. 73477)
[ view plain ]
| 000 -LEADER | |
|---|---|
| campo de control de longitud fija | 02461nam a2200277 i 4500 |
| 001 - NÚMERO DE CONTROL | |
| campo de control | 73477 |
| 003 - IDENTIFICADOR DE NÚMERO DE CONTROL | |
| campo de control | ES-MaACL |
| 005 - FECHA Y HORA DE LA ÚLTIMA TRANSACCIÓN | |
| campo de control | 20250415063057.0 |
| 007 - CAMPO FIJO DE DESCRIPCIÓN FÍSICA--INFORMACIÓN GENERAL | |
| campo de control de longitud fija | t| |
| 008 - DATOS DE LONGITUD FIJA--INFORMACIÓN GENERAL | |
| campo de control de longitud fija | 041015s2004 sp ||||1| spa d |
| 020 ## - NÚMERO INTERNACIONAL ESTÁNDAR DEL LIBRO | |
| Número Internacional Estándar del Libro | 84-8432-557-1 |
| 080 ## - NÚMERO DE LA CLASIFICACIÓN DECIMAL UNIVERSAL | |
| Número de la Clasificación Decimal Universal | 946.027 M. "1936/39" |
| 100 0# - ENTRADA PRINCIPAL--NOMBRE DE PERSONA | |
| Nombre de persona | Martínez Reverte, Jorge, |
| Fechas asociadas al nombre | 1948-2021 |
| 9 (RLIN) | 78355 |
| 245 13 - MENCIÓN DEL TÍTULO | |
| Título | La batalla de Madrid / |
| Mención de responsabilidad, etc. | Jorge M. Reverte. |
| 250 ## - MENCION DE EDICION | |
| Mención de edición | 2ª ed. |
| 260 ## - PUBLICACIÓN, DISTRIBUCIÓN, ETC. | |
| Lugar de publicación, distribución, etc. | Barcelona : |
| Nombre del editor, distribuidor, etc. | Crítica, |
| Fecha de publicación, distribución, etc. | 2004. |
| 300 ## - DESCRIPCIÓN FÍSICA | |
| Extensión | 642 p., [32] p. de lám. ; |
| Dimensiones | 23 cm. |
| 490 1# - MENCIÓN DE SERIE | |
| Mención de serie | Crítica contrastes |
| 504 ## - NOTA DE BIBLIOGRAFÍA, ETC. | |
| Nota de bibliografía, etc. | Bibliografía: p. [607]-613. |
| 520 ## - RESUMEN, ETC. | |
| Sumario, etc. | Hace sólo seis días que ha empezado el otoño y en los campos soplan tempestades revolucionarias y vientos de miedo. Un rumor de pasos africanos se acerca a Madrid. Los generales sublevados, los vencedores de Toledo, quieren tomar café en la Gran Vía y oír misa en los Jerónimos. Un cerco de muerte acecha desde Majadahonda hasta Vallecas. Regulares y legionarios atacan en la Casa de Campo y asaltan la Ciudad Universitaria protegidos por los cañones del cerro Garabitas. Allí, en las trincheras, junto a las facultades, en las salas del Clínico, les esperan los milicianos anarquistas, las brigadas internacionales, el pueblo de Madrid, hombres y mujeres anónimos que no les dejarán pasar. Durante cuatro largos meses de combate, Madrid será la patria del sufrimiento. Cuando, agotados, descansen los frentes, seguirá la batalla en el cielo. Bombas sobre Alcalá, bombas sobre el Prado, bombas sobre el Clínico de San Carlos, bombas sobre Atocha… Arden las chabolas del barrio de Tetuán, arde el palacio de Liria. Una alfombra de niños muertos cubre el paseo de Rosales. Cuando paren los bombardeos llegará la punzada del hambre. Ya no hay qué comer en Madrid, pero Madrid resiste. Mujeres famélicas desuellan un mulo destripado por las bombas, mientras perros enloquecidos por el hambre hacen cabriolas a su alrededor; pero Madrid resiste. A oscuras, las calles están desiertas y ciegas, mientras resuenan las descargas de fusilería, el chasquido rítmico de las ametralladoras y, de vez en vez, los cañonazos densos y opacos. En el pecho la angustia, la zozobra y el dolor de todo y por todo, pero Madrid resiste. Y se hace leyenda. |
| 651 #4 - PUNTO DE ACCESO ADICIONAL DE MATERIA--NOMBRE GEOGRÁFICO | |
| Nombre geográfico | Madrid- |
| Subdivisión general | Historia- |
| Subdivisión cronológica | 1936-1939. |
| 9 (RLIN) | 8964 |
| 830 0# - PUNTO DE ACCESO ADICIONAL DE SERIE-TÍTULO UNIFORME | |
| Título uniforme | Crítica contrastes |
| 9 (RLIN) | 180307 |
| 852 ## - LOCALIZACIÓN | |
| Ubicación | ES-MaACL |
| Número de control de estantería | L-28248 |
| Sublocalización o colección | R.134138 |
| 942 ## - ELEMENTOS DE ENTRADA SECUNDARIOS (KOHA) | |
| Fuente del sistema de clasificación o colocación | Clasificación decimal universal |
| Estatus retirado | Estado de pérdida | Estado de daño | No para préstamo | Biblioteca de origen | Biblioteca actual | Ubicación en estantería | Fecha de adquisición | Fuente de adquisición | Total de préstamos | Signatura topográfica completa | Código de barras | Visto por última vez | Precio de reemplazo | Tipo de ítem Koha |
|---|---|---|---|---|---|---|---|---|---|---|---|---|---|---|
| Biblioteca del Ateneo de Madrid | Biblioteca del Ateneo de Madrid | Depósito 2 | 17/01/2008 | L-28248 | 1076908 | 23/02/2023 | 23/02/2023 | Libro impreso |
